[Event "Moscow Smyslov-D"]
[Site "Moscow"]
[Date "2025.06.05"]
[Round "4"]
[White "Lyadov, Denis Genn"]
[Black "Eremin, Vladimir"]
[Result "1/2-1/2"]
[WhiteElo "1530"]
[BlackElo "1537"]
[PlyCount "164"]
[EventDate "2025.06.02"]
[EventType "swiss"]
[EventRounds "8"]
[EventCountry "RUS"]
[SourceTitle "CB29_2025"]
[SourceDate "2025.07.16"]
[SourceVersion "1"]
[SourceVersionDate "2025.07.16"]
[SourceQuality "1"]

1. e4 c5 2. Nf3 Nc6 3. d4 cxd4 4. Nxd4 g6 5. c4 Bg7 6. Be3 d6 7. Nc3 Nf6 8. Be2 0-0 9. 0-0 Bd7 10. f3 Rc8 11. Qd2 a6 12. Rac1 Re8 13. Rfd1 Nxd4 14. Bxd4 Be6 15. Nd5 Bxd5 16. cxd5 Nd7 17. Bxg7 Kxg7 18. Rxc8 Qxc8 19. Rc1 Qb8 20. Qc3+ Kg8 21. g3 f6 22. a4 Nc5 23. a5 Qa7 24. Kg2 Qb8 25. b4 Nd7 26. Qc7 Nf8 27. b5 Kf7 28. bxa6 bxa6 29. Bxa6 Qxc7 30. Rxc7 Ra8 31. Rc6 g5 32. f4 gxf4 33. gxf4 Nd7 34. Bc8 Nc5 35. a6 Nxe4 36. Kf3 Nc5 37. Ke3 Ke8 38. Bb7 Ra7 39. Rc8+ Kd7 40. Rh8 Nxb7 41. axb7 Rxb7 42. Rxh7 Rb3+ 43. Ke4 Rb4+ 44. Kf3 Rd4 45. Rh5 Ke8 46. Ke3 Rd1 47. Ke4 Kf7 48. Rh7+ Kg6 49. Rh8 f5+ 50. Ke3 Rxd5 51. Rg8+ Kf7 52. Rg5 e6 53. h4 Ra5 54. h5 Ra3+ 55. Kf2 Ra8 56. Kf3 d5 57. Rg1 Ra3+ 58. Kg2 Kg7 59. Re1 Ra6 60. Kg3 Kh6 61. Kh4 d4 62. Rg1 d3 63. Rg6+ Kh7 64. Rg1 Ra2 65. Rd1 Rh2+ 66. Kg5 d2 67. Kf6 Re2 68. Kg5 Rg2+ 69. Kf6 Re2 70. Kg5 Kg7 71. h6+ Kh7 72. Kh5 Rg2 73. Ra1 Rh2+ 74. Kg5 Rxh6 75. Ra7+ Kg8 76. Rd7 Rh2 77. Kg6 Rg2+ 78. Kf6 Re2 79. Kg6 Kf8 80. Kf6 Ke8 81. Rd6 Re4 82. Rxd2 Rxf4 1/2-1/2